| 000 | 00845nam a2200229Ia 4500 | ||
|---|---|---|---|
| 003 | Ost | ||
| 005 | 20260507075025.0 | ||
| 008 | 260507s9999||||xx |||||||||||||| ||und|| | ||
| 020 | _a9772793474 | ||
| 040 | _cfsecg | ||
| 041 | _aara | ||
| 082 | _a330 | ||
| 100 |
_aعليون، السيد _eمؤلف |
||
| 245 | 0 |
_aحسابات التكاليف / _c السيد عليون |
|
| 260 |
_aالقاهرة: _bدار الأمين, _c2002 |
||
| 300 |
_a114 صفحة؛ _bإيضاحات ؛ _c24 سم |
||
| 520 | _aبرنامج حسابات التكاليف ( هيئة الصرف الصحي، القاهرة) - برنامج حسابات التكاليف ( المنعقد في مدينة نصر للتأمين الصحي ) | ||
| 653 | _aالتقدير الكمى | ||
| 653 | _aالتكاليف | ||
| 653 | _aالميزانية | ||
| 942 | _cكتاب | ||
| 999 |
_c42327 _d42327 |
||